000 00579nam a22002297a 4500
003 UA-OsUOA
001 98356
007 ta
008 20130415b un ||||| |||| 00| 0 ukr d
100 _aПушкин А.
090 _a821.161.1
_bП91
942 _cBK
040 _aUA-OsUOA
_brus
_cUA-OsUOA
_dUA-OsUOA
245 _aДубровский
300 _a93 с.
955 _a3
041 _arus
080 _a821.161.1
260 _aЛенинград
_bГИДЛ
_c1959
650 7 _a82 Література. Літературознавство
_2UDC
999 _c384942
_d384942